| 000 | 01062nam a2200253 a 4500 | ||
|---|---|---|---|
| 001 | BRCA_6910 | ||
| 005 | 20190320205634.0 | ||
| 008 | 161111s1920----gw-c######---#000-0#ger-# | ||
| 041 | _ager | ||
| 044 | _agw | ||
| 050 | 4 |
_aDD218 _b.F87 1920 |
|
| 245 | 1 | 0 |
_aFürst Bismarcks entlassung _bnach den hinterlassenen, bisher unveröffentlichten aufzeichnungen des staatssekretärs des innern, staatsministers dr. Karl Heinrich von Boetticher und des chefs der Reichskanzlei unter dem fürsten Bismarck dr. Franz Johannes von Rottenburg _cherausgegeben von Georg Freiherrn von Eppstein. |
| 260 |
_aBerlín _bA. Scherl _cc1920 |
||
| 300 |
_a237 p. _bil. _c23 cm. |
||
| 500 | _aEstado físico: lomo mutilado | ||
| 500 | _aO106 | ||
| 600 | 1 | 4 |
_aBismarck, Otto, Furst von _d1815-1898 _917211 |
| 651 | 4 |
_aAlemania _xPolítica y gobierno _y1871 _917212 |
|
| 700 | 1 |
_aBoetticher, Karl Heinrich von _f1833-1907 _917213 |
|
| 700 | 1 |
_aRottenburg, Franz Johannes von _d1845-1907 _917214 |
|
| 700 | 1 |
_aEppstein, Georg, Freiherrn von _eed. _917215 |
|
| 902 | _aGFM | ||
| 942 |
_2lcc _cB |
||
| 999 |
_c6592 _d6592 |
||